[Event "IND-ch U13 Girls 37th"]
[Site "Durgapur"]
[Date "2024.12.17"]
[Round "1"]
[White "Pyne, Krittika"]
[Black "Yasaswi, Krishna Bommi"]
[Result "0-1"]
[WhiteElo "1501"]
[BlackElo "1895"]
[PlyCount "60"]
[EventDate "2024.12.17"]
[EventType "swiss"]
[EventRounds "11"]
[EventCountry "IND"]
[SourceTitle "CB04_2025"]
[SourceDate "2025.01.22"]
[SourceVersion "1"]
[SourceVersionDate "2025.01.22"]
[SourceQuality "1"]

1. b3 Nf6 2. Bb2 g6 3. Nf3 Bg7 4. e3 d6 5. c4 e5 6. d3 0-0 7. Nc3 Nc6 8. Ne2 Re8 9. Ng3 d5 10. d4 e4 11. Ne5 Be6 12. Nxc6 bxc6 13. c5 Nd7 14. Ba6 Nxc5 15. Be2 Nb7 16. Qc2 Bd7 17. 0-0 Nd6 18. Rfc1 f5 19. Bf1 Bh6 20. Ne2 g5 21. g3 f4 22. exf4 gxf4 23. Nxf4 Bxf4 24. gxf4 Qh4 25. Re1 Nf5 26. Qe2 Re6 27. Rac1 Rg6+ 28. Kh1 e3 29. Rc2 exf2 30. Qxf2 Ng3+ 0-1